| 000 | 004940000a22001930004500 | ||
|---|---|---|---|
| 001 | 004746 | ||
| 003 | MACL | ||
| 005 | 20151023141112.0 | ||
| 008 | 151023b xxu||||| |||| 00| 0 eng d | ||
| 040 |
_aMACL _cMACL |
||
| 041 | _aEnglish | ||
| 082 | _a954.01/BED | ||
| 100 |
_aBedekar, V.M. _916407 |
||
| 245 |
_aHistory Of Indian Philosophy Vol 2 _cV.M. Bedekar |
||
| 260 |
_aDelhi _c1993 _bMotilal Banarsidass Publishers, |
||
| 350 | _a500 | ||
| 650 |
_aHistory _916408 |
||
| 942 |
_k954 _cBK _2ddc |
||
| 999 |
_c16633 _d16633 |
||